00510nam a2200157Ia 4500100002400000650001100024942000700035366000700042245007200049260002800121082001400149300000900163546002300172999001700195952014000212 aKozierok/Charles M  aTCP/IP cBK f20 aTCP/IP Guide:Comprehensive illustrated internet protocols reference bShroff Publishersc2005 a4.62bKOZ a1539 aENGLISHcComputers c26737d26737 001040708CRCaCRCEbCRCEd2023-03-17eBook Baseg540.00i10811 dt 26/04/2011l0o4.62 KOZp21628r2023-03-17v675.00w0000-00-00yBK